000 00534nam a2200229 a 4500
001 nice12345678
003 IN_TiNIC
005 20260116012246.0
008 050524s1960 lona grp 000 0 eng
020 _a
_c40.8
082 0 0 _a282
_bFUL
100 _aFuller, R H
245 _aChurch of Rome
_b Dissuasive
260 _aLondon
_bScm Press
_c1960
300 _a160p
500 _aincludes index and biblioraphy
505 2 _aIndex
650 _aRoman Catholic Church
902 _bSRS
942 _cBK
999 _c6277
_d6277